World Architecture : (Record no. 135258)

MARC details
000 -LEADER
fixed length control field 00770nam a22002417a 4500
005 - DATE AND TIME OF LATEST TRANSACTION
control field 20170124110242.0
010 ## - LIBRARY OF CONGRESS CONTROL NUMBER
LC control number A-232555
020 ## - INTERNATIONAL STANDARD BOOK NUMBER
Terms of availability 00.00
International Standard Book Number 0600342603
035 ## - SYSTEM CONTROL NUMBER
System control number A-232555
037 ## - SOURCE OF ACQUISITION
Source of stock number/acquisition Cen Lib/Ret
040 ## - CATALOGING SOURCE
Original cataloging agency DPL
Language of cataloging EN
082 ## - DEWEY DECIMAL CLASSIFICATION NUMBER
Classification number 720.9
Item number WOR
245 ## - TITLE STATEMENT
Title World Architecture :
Statement of responsibility, etc edited by Trewin Copplestone...[et al.]
Remainder of title an Illustrated History from earliest times /
246 ## - VARYING FORM OF TITLE
Remainder of title
260 ## - PUBLICATION, DISTRIBUTION, ETC. (IMPRINT)
Place of publication, distribution, etc London
Name of publisher, distributor, etc Hamlyn Publishing Group
Date of publication, distribution, etc 1981
270 ## - ADDRESS
City London
Address Astronaut house
300 ## - PHYSICAL DESCRIPTION
Extent 348p. :
Dimensions 33cm(pbk)
Other physical details ill.
500 ## - GENERAL NOTE
General note Includes glossary and index
650 ## - SUBJECT ADDED ENTRY--TOPICAL TERM
Topical term or geographic name as entry element Architecture -- History.
9 (RLIN) 95652
650 ## - SUBJECT ADDED ENTRY--TOPICAL TERM
Topical term or geographic name as entry element Arquitetura (Historia)
9 (RLIN) 95653
700 ## - ADDED ENTRY--PERSONAL NAME
Personal name Copplestone, Trewin
9 (RLIN) 95654
942 ## - ADDED ENTRY ELEMENTS (KOHA)
Source of classification or shelving scheme Dewey Decimal Classification
Koha item type English Books
Classification part 720.9
Call number suffix WOR
Holdings
Withdrawn status Lost status Damaged status Not for loan Collection code Home library Current library Date acquired Source of acquisition Cost, normal purchase price Total Checkouts Full call number Barcode Date last seen Copy number Cost, replacement price Price effective from Koha item type
      Not For Loan Reference Central Library Central Library 03/10/2015 Cen Lib/Ret 0.00   720.9 WOR A-232555 03/10/2015 1 0.00 03/10/2015 English Books

© Delhi Public Library
Hit Counter
free hit counter